000 02219nam0a2200349 4500
001 RU\NLR\bibl\1467888
005 20260407215530.0
035 _a(NLR Aleph) 001459605
090 _a1574897
_c1574897
100 _a20100202d2007 |||y0rusy50 ca
101 0 _arus
102 _aRU
105 _ay |||||||||
200 1 _aСоциальное служение - путь к миру и согласию
_eМатериалы VII и VIII Свято-Елизаветинских чтений (27 января 2006; 1 ноября 2006)
_f[редкол.: ... И.К. Кучмаева, д.филос.н., проф., отв. ред. и др.]
210 _aМосква
_cиздание Паломнического центра Московского Патриархата
_d2007
215 _a143 с.
_d22
300 _aВ надзаг.: Моск. Патриархат, Отд. внеш. церков. связей, Паломн. центр, Императ. православ. Палест. о-во, Гос. акад. слав. культуры
320 _aБиблиогр. в конце докл. и в подстроч. примеч.
600 0 _aЕлизавета Федоровна
_cвеликая княгиня
_f1864 - 1918
_jСъезды, совещания и т.п.
_92189106
_3RU\NLR\auth\661316013
601 0 2 _aРусская православная церковь
_jСъезды, совещания и т.п.
_xИстория
_9910901
_3RU\NLR\auth\6612924
686 _aЭ372.24-35я431
686 _aТ3(2)52-8я431
702 1 _4070
_7ca
_8rus
_aКучмаева
_bИ. К.
_f1936-2014
_gИзольда Константиновна
_9118337
_3RU\NLR\AUTH\778430
702 0 _4570
_7ca
_8rus
_aЕлизавета Федоровна
_cвеликая княгиня
_f1864-1918
_9119724
_3RU\NLR\AUTH\779932
711 1 2 _aСвято-Елизаветинские чтения
_d7
_eМосква
_f2006
_9785428
_3RU\NLR\AUTH\8810145554
711 1 2 _aСвято-Елизаветинские чтения
_d8
_eМосква
_f2006
_9785430
_3RU\NLR\AUTH\8810145555
801 0 _aRU
_bNLR
_c20100202
_gRCR
801 1 _aRU
_bNLR
_c20100202
942 _cBOOK
980 _aNB